| 000 | 00853nam a2200253Ia 4500 | ||
|---|---|---|---|
| 003 | OSt | ||
| 005 | 20220918171408.0 | ||
| 006 | a|||||r|||| 00| 0 | ||
| 007 | ta | ||
| 008 | 220917b |||||||| |||| 00| 0 eng d | ||
| 020 |
_a9781611470048 (hbk) _c3966.38 |
||
| 024 | _a264,901 | ||
| 037 |
_b35571, 17/08/2012, Segment Book Distributors _cTextual |
||
| 040 |
_aARTS _cARTS _beng |
||
| 041 |
_2eng _aeng |
||
| 082 | _aO111,3M11:g, Q1 | ||
| 100 |
_aMayer Sylvia Ed. _936322 |
||
| 245 | 0 |
_aBeyond uncle Tom's Cabin _b Essays on the writing of harriet beecher stowe |
|
| 260 |
_aMadison _bFairleigh Dickinson University Press U.S.A _c2011 |
||
| 300 |
_a247p. _ccm. |
||
| 650 | _aENGLISH LITERATURE | ||
| 942 |
_hO111,3M11:g, Q1 _cTEXL _2CC |
||
| 999 |
_c139379 _d139379 |
||